Jane Austen Novels Quiz Stats

 Plays Quiz Updated Nov 12, 2018

     
Support Sporcle.
Go Orange.
Score 0/6 Timer 03:00
6 Plays Today
Year Published Novel % Correct
1813Pride and Prejudice
98.4%
1811Sense and Sensibility
90.4%
1816Emma
89.3%
1814Mansfield Park
62.1%
1818Northanger Abbey
62%
1818Persuasion
61%

From the Vault

Another 25 Things We Learned in 2017

by sufradley

Clearly, not all information you learn is useful.
Remove Ads.
Support Sporcle.
Get the best of Sporcle when you Go Orange. This ad-free experience offers more features, more stats, and more fun while also helping to support Sporcle. Thank you for becoming a member.

Show Comments

Extras

Top Quizzes Today


Score Distribution

Your Account Isn't Verified!

In order to create a playlist on Sporcle, you need to verify the email address you used during registration. Go to your Sporcle Settings to finish the process.

Report this User

Report this user for behavior that violates our Community Guidelines.

Details: